| 000 | 00454nam a2200193Ia 4500 | ||
|---|---|---|---|
| 005 | 20251020182612.0 | ||
| 008 | 200515s9999 xx 000 0 und d | ||
| 082 | _aSC/678.691.33/A31 | ||
| 100 | _aCAMPOS AGUILAR, Gabriel | ||
| 245 | 0 | _aInfluencia de los aditivos en el concreto | |
| 260 | _aLima | ||
| 260 | _c1999 | ||
| 300 | _a48 | ||
| 650 | _aADITIVOS | ||
| 650 | _aLABORATORIO DE SUELOS | ||
| 650 | _aLIB | ||
| 650 | _aM-SENC | ||
| 942 | _cLIB | ||
| 999 |
_c3376 _d3376 |
||